<?xml version="1.0" encoding="UTF-8"?>
<record
    xmlns:xsi="http://www.w3.org/2001/XMLSchema-instance"
    xsi:schemaLocation="http://www.loc.gov/MARC21/slim http://www.loc.gov/standards/marcxml/schema/MARC21slim.xsd"
    xmlns="http://www.loc.gov/MARC21/slim">

  <leader>01321nam a22003137i 4500</leader>
  <datafield tag="999" ind1=" " ind2=" ">
    <subfield code="c">23370</subfield>
    <subfield code="d">23370</subfield>
  </datafield>
  <controlfield tag="003">AR-CdUCM</controlfield>
  <controlfield tag="008">250829b20192019 pe||||| |||| 00| 0 spa d</controlfield>
  <datafield tag="020" ind1=" " ind2=" ">
    <subfield code="a">978-612-4392-27-6</subfield>
  </datafield>
  <datafield tag="040" ind1=" " ind2=" ">
    <subfield code="a">MUNICIPALIDAD PROVINCIAL DEL CUSCO</subfield>
    <subfield code="c">BIBLIOTECA MUNICIPAL DEL CUSCO</subfield>
  </datafield>
  <datafield tag="082" ind1=" " ind2=" ">
    <subfield code="a">303.620985 / Y</subfield>
    <subfield code="b">Y</subfield>
  </datafield>
  <datafield tag="100" ind1=" " ind2=" ">
    <subfield code="a">Arenas Sotelo, Eric (compilador)</subfield>
  </datafield>
  <datafield tag="245" ind1=" " ind2=" ">
    <subfield code="a">Yuyananchis - una experiencia de memoria y Derechos Humanos :</subfield>
    <subfield code="b">Apuntes y reflexiones desde la Psicolog&#xED;a Comunitaria /</subfield>
  </datafield>
  <datafield tag="260" ind1=" " ind2=" ">
    <subfield code="a">Cusco :</subfield>
    <subfield code="b">Universidad Andina del Cusco </subfield>
    <subfield code="c">2019</subfield>
  </datafield>
  <datafield tag="300" ind1=" " ind2=" ">
    <subfield code="a">80 p&#xE1;ginas. :</subfield>
    <subfield code="b">Ilustraciones</subfield>
    <subfield code="c">17x26 cm.</subfield>
  </datafield>
  <datafield tag="505" ind1=" " ind2=" ">
    <subfield code="a">Memoria colectiva para no olvidar -- No hay ma&#xF1;ana sin ayer -- Que las brechas de indiferencia entre nosotros sean mas cortas -- Sin resolver nuestra memoria -- Un punto aparte en mi vida </subfield>
  </datafield>
  <datafield tag="650" ind1=" " ind2=" ">
    <subfield code="a">Yuyananchis</subfield>
    <subfield code="9">51410</subfield>
  </datafield>
  <datafield tag="650" ind1=" " ind2=" ">
    <subfield code="a">Memoria colectiva</subfield>
    <subfield code="9">1121</subfield>
  </datafield>
  <datafield tag="650" ind1=" " ind2=" ">
    <subfield code="a">Brechas de indiferencia </subfield>
    <subfield code="9">51411</subfield>
  </datafield>
  <datafield tag="650" ind1=" " ind2=" ">
    <subfield code="a">Nuestra memoria</subfield>
    <subfield code="9">51412</subfield>
  </datafield>
  <datafield tag="650" ind1=" " ind2=" ">
    <subfield code="a">Inacci&#xF3;n de peruanos</subfield>
    <subfield code="9">51413</subfield>
  </datafield>
  <datafield tag="700" ind1=" " ind2=" ">
    <subfield code="a">Carrasco Aubert, Gabriela</subfield>
    <subfield code="9">51414</subfield>
  </datafield>
  <datafield tag="700" ind1=" " ind2=" ">
    <subfield code="a">Mantilla Chavarr&#xED;a, Trilce</subfield>
    <subfield code="9">51415</subfield>
  </datafield>
  <datafield tag="700" ind1=" " ind2=" ">
    <subfield code="a">Delgado Casos, Walter</subfield>
    <subfield code="9">51416</subfield>
  </datafield>
  <datafield tag="700" ind1=" " ind2=" ">
    <subfield code="a">Valencia Araoz, Mar&#xED;a &#xC1;ngely</subfield>
    <subfield code="9">51417</subfield>
  </datafield>
  <datafield tag="700" ind1=" " ind2=" ">
    <subfield code="a">Ttito Aliaga, Leslie</subfield>
    <subfield code="9">51418</subfield>
  </datafield>
  <datafield tag="942" ind1=" " ind2=" ">
    <subfield code="2">ddc</subfield>
    <subfield code="c">LIBROS</subfield>
  </datafield>
  <datafield tag="945" ind1=" " ind2=" ">
    <subfield code="a">pbjr</subfield>
    <subfield code="d">2019</subfield>
  </datafield>
  <datafield tag="952" ind1=" " ind2=" ">
    <subfield code="0">0</subfield>
    <subfield code="2">ddc</subfield>
    <subfield code="4">0</subfield>
    <subfield code="7">0</subfield>
    <subfield code="a">SH</subfield>
    <subfield code="b">SH</subfield>
    <subfield code="c">CART</subfield>
    <subfield code="d">2025-08-29</subfield>
    <subfield code="e">Dep&#xF3;sito legal</subfield>
    <subfield code="g">10.00</subfield>
    <subfield code="o">303.620985 / Y </subfield>
    <subfield code="p">SH0000016981</subfield>
    <subfield code="r">2025-08-29</subfield>
    <subfield code="y">LIBROS</subfield>
  </datafield>
</record>
